{"text_format":"3","workbook":"xlsx","n_sheets":1,"sheets":["t341"],"read":"whole","date_system":"1900"}

{"sheet":"t341","index":0,"n_rows":213,"n_cols":7,"rows_kept":213,"merged":[[0,0,0,6],[30,0,30,5],[50,0,50,5],[164,0,164,5]]}
["TABELA 341.1 - Estatísticas Agrícolas, Município de Mococa, Estado de São Paulo, 2007/08."]
["ITEM","UNIDADE","N.DE UPAs","MÍNIMO","MÉDIO","MÁXIMO","TOTAL"]
["Distância à sede do município","km",830,{"v":1,"d":"1.0"},{"v":12.89,"d":"12.9"},{"v":36,"d":"36.0"},"-"]
["Área total","hectare",830,1.2,{"v":87.81,"d":"87.8"},{"v":1742,"d":"1,742.0"},{"v":72884.5,"d":"72,884.5"}]
["Área com cultura perene","hectare",141,0.1,{"v":72.14,"d":"72.1"},{"v":571,"d":"571.0"},{"v":10172.1,"d":"10,172.1"}]
["Área com cultura temporária","hectare",448,0.3,{"v":61.79,"d":"61.8"},{"v":850,"d":"850.0"},{"v":27679.8,"d":"27,679.8"}]
["Área com pastagem","hectare",657,0.5,{"v":35.68,"d":"35.7"},{"v":1341.1,"d":"1,341.1"},{"v":23442.1,"d":"23,442.1"}]
["Área com reflorestamento","hectare",52,0.5,{"v":16.67,"d":"16.7"},163.7,866.9]
["Área com vegetação natural","hectare",442,0.1,{"v":18.52,"d":"18.5"},{"v":400,"d":"400.0"},{"v":8185.4,"d":"8,185.4"}]
["Área com vegetação de brejo e várzea","hectare",138,0.1,{"v":3.43,"d":"3.4"},33.5,473.8]
["Área em descanso","hectare",25,0.3,{"v":23.35,"d":"23.4"},{"v":97,"d":"97.0"},583.7]
["Área complementar","hectare",765,0.1,{"v":1.94,"d":"1.9"},35.7,{"v":1480.7,"d":"1,480.7"}]
["Área das UPAs com (0, 1] ha","hectare","-","-","-","-","-"]
["Área das UPAs com (1, 2] ha","hectare",7,1.2,{"v":1.49,"d":"1.5"},{"v":2,"d":"2.0"},10.4]
["Área das UPAs com (2, 5] ha","hectare",61,2.4,{"v":4.16,"d":"4.2"},{"v":5,"d":"5.0"},253.7]
["Área das UPAs com (5, 10] ha","hectare",136,5.2,{"v":7.61,"d":"7.6"},{"v":10,"d":"10.0"},{"v":1034.8,"d":"1,034.8"}]
["Área das UPAs com (10, 20] ha","hectare",161,10.1,{"v":14.48,"d":"14.5"},{"v":20,"d":"20.0"},{"v":2330.7,"d":"2,330.7"}]
["Área das UPAs com (20, 50] ha","hectare",199,20.3,{"v":31.55,"d":"31.6"},49.3,{"v":6277.8,"d":"6,277.8"}]
["Área das UPAs com (50, 100] ha","hectare",90,50.8,{"v":71.51,"d":"71.5"},99.3,{"v":6435.9,"d":"6,435.9"}]
["Área das UPAs com (100, 200] ha","hectare",75,101.1,{"v":143.75,"d":"143.8"},193.6,{"v":10781.5,"d":"10,781.5"}]
["Área das UPAs com (200, 500] ha","hectare",71,{"v":202,"d":"202.0"},{"v":301.58,"d":"301.6"},{"v":484,"d":"484.0"},{"v":21412.4,"d":"21,412.4"}]
["Área das UPAs com (500, 1.000] ha","hectare",24,503.3,{"v":681.97,"d":"682.0"},951.5,{"v":16367.3,"d":"16,367.3"}]
["Área das UPAs com (1.000, 2.000] ha","hectare",6,{"v":1082,"d":"1,082.0"},{"v":1330,"d":"1,330.0"},{"v":1742,"d":"1,742.0"},{"v":7980,"d":"7,980.0"}]
["Área das UPAs com (2.000, 5.000] ha","hectare","-","-","-","-","-"]
["Área das UPAs com (5.000, 10.000] ha","hectare","-","-","-","-","-"]
["Área das UPAs acima de 10.000 ha","hectare","-","-","-","-","-"]
["Familiares do proprietário que trabalham na UPA","unidade",438,{"v":1,"d":"1.0"},{"v":1.42,"d":"1.4"},{"v":6,"d":"6.0"},{"v":624,"d":"624.0"}]
["Trabalhadores permanentes","unidade",509,{"v":1,"d":"1.0"},{"v":3.92,"d":"3.9"},{"v":117,"d":"117.0"},{"v":1995,"d":"1,995.0"}]
["Fonte: Secretaria de Agricultura e Abastecimento, CDRS/IEA, Projeto LUPA."]
[]
["TABELA 341.2 - Explorações Animais, Município de Mococa, Estado de São Paulo, 2007/08."]
["ITEM","UNIDADE","N.DE UPAs","MÍNIMO","MÉDIO","MÁXIMO","TOTAL"]
["Apicultura","colmeias",3,{"v":1,"d":"1.0"},{"v":22,"d":"22.0"},{"v":62,"d":"62.0"},{"v":66,"d":"66.0"}]
["Asininos E Muares","cabeças",25,{"v":1,"d":"1.0"},{"v":2.48,"d":"2.5"},{"v":10,"d":"10.0"},{"v":62,"d":"62.0"}]
["Avicultura de Corte","cabeças/ano",48,{"v":80,"d":"80.0"},{"v":307303.75,"d":"307,303.8"},{"v":1000000,"d":"1,000,000.0"},{"v":14750580,"d":"14,750,580.0"}]
["Avicultura Ornamental/Decorativa/Exótica","cabeças",1,{"v":50000,"d":"50,000.0"},{"v":50000,"d":"50,000.0"},{"v":50000,"d":"50,000.0"},{"v":50000,"d":"50,000.0"}]
["Avicultura para Ovos","cabeças",6,{"v":50,"d":"50.0"},{"v":20980.83,"d":"20,980.8"},{"v":90000,"d":"90,000.0"},{"v":125885,"d":"125,885.0"}]
["Bovinocultura de Corte","cabeças",67,{"v":5,"d":"5.0"},{"v":102.42,"d":"102.4"},{"v":400,"d":"400.0"},{"v":6862,"d":"6,862.0"}]
["Bovinocultura Leiteira","cabeças",43,{"v":1,"d":"1.0"},{"v":114.67,"d":"114.7"},{"v":650,"d":"650.0"},{"v":4931,"d":"4,931.0"}]
["Bovinocultura Mista","cabeças",421,{"v":2,"d":"2.0"},{"v":63.19,"d":"63.2"},{"v":1700,"d":"1,700.0"},{"v":26605,"d":"26,605.0"}]
["Caprinocultura","cabeças",19,{"v":3,"d":"3.0"},{"v":38.21,"d":"38.2"},{"v":140,"d":"140.0"},{"v":726,"d":"726.0"}]
["Equinocultura","cabeças",284,{"v":1,"d":"1.0"},{"v":4.62,"d":"4.6"},{"v":50,"d":"50.0"},{"v":1311,"d":"1,311.0"}]
["Helicicultura","viveiros",1,{"v":2,"d":"2.0"},{"v":2,"d":"2.0"},{"v":2,"d":"2.0"},{"v":2,"d":"2.0"}]
["Minhocultura","canteiros",1,{"v":2,"d":"2.0"},{"v":2,"d":"2.0"},{"v":2,"d":"2.0"},{"v":2,"d":"2.0"}]
["Ovinocultura","cabeças",27,{"v":2,"d":"2.0"},{"v":45.56,"d":"45.6"},{"v":200,"d":"200.0"},{"v":1230,"d":"1,230.0"}]
["Piscicultura","m² tanques",2,{"v":20000,"d":"20,000.0"},{"v":25000,"d":"25,000.0"},{"v":30000,"d":"30,000.0"},{"v":50000,"d":"50,000.0"}]
["Ranicultura","girinos/ano",1,{"v":80,"d":"80.0"},{"v":80,"d":"80.0"},{"v":80,"d":"80.0"},{"v":80,"d":"80.0"}]
["Suinocultura","cabeças",43,{"v":2,"d":"2.0"},{"v":146.53,"d":"146.5"},{"v":2000,"d":"2,000.0"},{"v":6301,"d":"6,301.0"}]
["Fonte: Secretaria de Agricultura e Abastecimento, CDRS/IEA, Projeto LUPA."]
[]
["TABELA 341.3 -  Máquinas, Implementos e Benfeitorias, Município de Mococa, Estado de São Paulo, 2007/08."]
["ITEM","UNIDADE","N.DE UPAs","MÍNIMO","MÉDIO","MÁXIMO","TOTAL"]
["Arado Comum (Bacia, Aiveca)","Unidade",252,{"v":1,"d":"1.0"},{"v":1.28,"d":"1.3"},{"v":13,"d":"13.0"},{"v":322,"d":"322.0"}]
["Arado Escarificador","Unidade",8,{"v":1,"d":"1.0"},{"v":1.13,"d":"1.1"},{"v":2,"d":"2.0"},{"v":9,"d":"9.0"}]
["Arado Subsolador","Unidade",24,{"v":1,"d":"1.0"},{"v":1.13,"d":"1.1"},{"v":2,"d":"2.0"},{"v":27,"d":"27.0"}]
["Batedeira de Cereais","Unidade",11,{"v":1,"d":"1.0"},{"v":1,"d":"1.0"},{"v":1,"d":"1.0"},{"v":11,"d":"11.0"}]
["Câmara Fria","Unidade",2,{"v":1,"d":"1.0"},{"v":1,"d":"1.0"},{"v":1,"d":"1.0"},{"v":2,"d":"2.0"}]
["Carregadeira de Cana","Unidade",5,{"v":1,"d":"1.0"},2.2,{"v":7,"d":"7.0"},{"v":11,"d":"11.0"}]
["Colhedeira Acoplada","Unidade",4,{"v":1,"d":"1.0"},{"v":1,"d":"1.0"},{"v":1,"d":"1.0"},{"v":4,"d":"4.0"}]
["Colhedeira Automotriz","Unidade",4,{"v":1,"d":"1.0"},{"v":2.25,"d":"2.3"},{"v":4,"d":"4.0"},{"v":9,"d":"9.0"}]
["Computador","Unidade",4,{"v":1,"d":"1.0"},{"v":1,"d":"1.0"},{"v":1,"d":"1.0"},{"v":4,"d":"4.0"}]
["Conj.Irrigação Autopropelido","Unidade",9,{"v":1,"d":"1.0"},{"v":1.67,"d":"1.7"},{"v":4,"d":"4.0"},{"v":15,"d":"15.0"}]
["Conj.Irrigação Convencional","Unidade",56,{"v":1,"d":"1.0"},1.3,{"v":3,"d":"3.0"},{"v":73,"d":"73.0"}]
["Conj.Irrigação Pivot Central","Unidade",27,{"v":1,"d":"1.0"},{"v":1.37,"d":"1.4"},{"v":4,"d":"4.0"},{"v":37,"d":"37.0"}]
["Conj.Irrigação/Gotejamento/Microaspersão","Unidade",1,{"v":1,"d":"1.0"},{"v":1,"d":"1.0"},{"v":1,"d":"1.0"},{"v":1,"d":"1.0"}]
["Conjunto de Fenação","Unidade",9,{"v":1,"d":"1.0"},{"v":1,"d":"1.0"},{"v":1,"d":"1.0"},{"v":9,"d":"9.0"}]
["Desintegrador de Palha (Plantio Direto)","Unidade",2,{"v":1,"d":"1.0"},{"v":1,"d":"1.0"},{"v":1,"d":"1.0"},{"v":2,"d":"2.0"}]
["Desintegrador, Picador, Triturador","Unidade",205,{"v":1,"d":"1.0"},{"v":1.12,"d":"1.1"},{"v":4,"d":"4.0"},{"v":229,"d":"229.0"}]
["Distribuidor de Calcário","Unidade",73,{"v":1,"d":"1.0"},{"v":1.11,"d":"1.1"},{"v":4,"d":"4.0"},{"v":81,"d":"81.0"}]
["Ensiladeira","Unidade",73,{"v":1,"d":"1.0"},{"v":1.05,"d":"1.1"},{"v":2,"d":"2.0"},{"v":77,"d":"77.0"}]
["Grade Aradora (Tipo Romi)","Unidade",162,{"v":1,"d":"1.0"},{"v":1.25,"d":"1.3"},{"v":9,"d":"9.0"},{"v":202,"d":"202.0"}]
["Grade Niveladora","Unidade",115,{"v":1,"d":"1.0"},1.3,{"v":22,"d":"22.0"},{"v":150,"d":"150.0"}]
["Implementos para Tração Animal","Unidade",14,{"v":1,"d":"1.0"},{"v":2,"d":"2.0"},{"v":10,"d":"10.0"},{"v":28,"d":"28.0"}]
["Microtrator","Unidade",6,{"v":1,"d":"1.0"},{"v":1.33,"d":"1.3"},{"v":2,"d":"2.0"},{"v":8,"d":"8.0"}]
["Misturador de Ração","Unidade",21,{"v":1,"d":"1.0"},{"v":1,"d":"1.0"},{"v":1,"d":"1.0"},{"v":21,"d":"21.0"}]
["Ordenhadeira Mecânica","Unidade",51,{"v":1,"d":"1.0"},{"v":1.61,"d":"1.6"},{"v":18,"d":"18.0"},{"v":82,"d":"82.0"}]
["Pulverizador Tratorizado","Unidade",120,{"v":1,"d":"1.0"},{"v":1.79,"d":"1.8"},{"v":8,"d":"8.0"},{"v":215,"d":"215.0"}]
["Resfriador de Leite, Tanque Expansão","Unidade",71,{"v":1,"d":"1.0"},{"v":1.11,"d":"1.1"},{"v":2,"d":"2.0"},{"v":79,"d":"79.0"}]
["Semeadeira/Adubadeira para Plantio Convencional","Unidade",98,{"v":1,"d":"1.0"},{"v":1.15,"d":"1.2"},{"v":3,"d":"3.0"},{"v":113,"d":"113.0"}]
["Semeadeira/Plantadeira Plantio Direto","Unidade",9,{"v":1,"d":"1.0"},{"v":1.11,"d":"1.1"},{"v":2,"d":"2.0"},{"v":10,"d":"10.0"}]
["Terraceador","Unidade",3,{"v":1,"d":"1.0"},{"v":1,"d":"1.0"},{"v":1,"d":"1.0"},{"v":3,"d":"3.0"}]
["Trator de Esteiras","Unidade",4,{"v":1,"d":"1.0"},{"v":1,"d":"1.0"},{"v":1,"d":"1.0"},{"v":4,"d":"4.0"}]
["Trator de Pneus","Unidade",324,{"v":1,"d":"1.0"},{"v":1.88,"d":"1.9"},{"v":30,"d":"30.0"},{"v":610,"d":"610.0"}]
["Açude/Represa","Unidade",450,{"v":1,"d":"1.0"},{"v":1.76,"d":"1.8"},{"v":9,"d":"9.0"},{"v":790,"d":"790.0"}]
["Alambique","Unidade",1,{"v":1,"d":"1.0"},{"v":1,"d":"1.0"},{"v":1,"d":"1.0"},{"v":1,"d":"1.0"}]
["Almoxarifado/Oficina","Unidade",67,{"v":1,"d":"1.0"},{"v":1.06,"d":"1.1"},{"v":2,"d":"2.0"},{"v":71,"d":"71.0"}]
["Armazém para Grãos Ensacados","Sacas",21,{"v":1,"d":"1.0"},{"v":343.81,"d":"343.8"},{"v":5000,"d":"5,000.0"},{"v":7220,"d":"7,220.0"}]
["Balança para Bovinos","Unidade",13,{"v":1,"d":"1.0"},{"v":1.08,"d":"1.1"},{"v":2,"d":"2.0"},{"v":14,"d":"14.0"}]
["Balança para Veículos","Unidade",4,{"v":1,"d":"1.0"},1.5,{"v":2,"d":"2.0"},{"v":6,"d":"6.0"}]
["Barracão para Bicho da Seda/Sirgaria","Unidade",2,{"v":1,"d":"1.0"},{"v":1,"d":"1.0"},{"v":1,"d":"1.0"},{"v":2,"d":"2.0"}]
["Barracão para Cultivo de Cogumelo","Unidade",1,{"v":5,"d":"5.0"},{"v":5,"d":"5.0"},{"v":5,"d":"5.0"},{"v":5,"d":"5.0"}]
["Barracão para Granja/Avicultura","Unidade",90,{"v":1,"d":"1.0"},{"v":2.97,"d":"3.0"},{"v":14,"d":"14.0"},{"v":267,"d":"267.0"}]
["Barracão/Galpão/Garagem","Unidade",370,{"v":1,"d":"1.0"},1.3,{"v":10,"d":"10.0"},{"v":480,"d":"480.0"}]
["Biodigestor","Unidade",2,{"v":1,"d":"1.0"},{"v":1,"d":"1.0"},{"v":1,"d":"1.0"},{"v":2,"d":"2.0"}]
["Casa de Moradia Habitada","Unidade",605,{"v":1,"d":"1.0"},{"v":2.59,"d":"2.6"},{"v":49,"d":"49.0"},{"v":1564,"d":"1,564.0"}]
["Casa de Moradia Total","Unidade",641,{"v":1,"d":"1.0"},{"v":3.57,"d":"3.6"},{"v":49,"d":"49.0"},{"v":2289,"d":"2,289.0"}]
["Curral/Mangueira","Unidade",280,{"v":1,"d":"1.0"},{"v":1.16,"d":"1.2"},{"v":10,"d":"10.0"},{"v":326,"d":"326.0"}]
["Depósito/Tulha","Unidade",155,{"v":1,"d":"1.0"},{"v":1.28,"d":"1.3"},{"v":10,"d":"10.0"},{"v":198,"d":"198.0"}]
["Engenho","Unidade",1,{"v":1,"d":"1.0"},{"v":1,"d":"1.0"},{"v":1,"d":"1.0"},{"v":1,"d":"1.0"}]
["Estábulo","Unidade",262,{"v":1,"d":"1.0"},{"v":1.14,"d":"1.1"},{"v":10,"d":"10.0"},{"v":299,"d":"299.0"}]
["Estufa/Plasticultura","m²",4,{"v":1,"d":"1.0"},961.5,{"v":3840,"d":"3,840.0"},{"v":3846,"d":"3,846.0"}]
["Fábrica de Farinha","Unidade",1,{"v":1,"d":"1.0"},{"v":1,"d":"1.0"},{"v":1,"d":"1.0"},{"v":1,"d":"1.0"}]
["Fábrica de Ração","Unidade",13,{"v":1,"d":"1.0"},{"v":1,"d":"1.0"},{"v":1,"d":"1.0"},{"v":13,"d":"13.0"}]
["Instalações para Equinos","Unidade",15,{"v":1,"d":"1.0"},4.2,{"v":40,"d":"40.0"},{"v":63,"d":"63.0"}]
["Máquina de Benefício","Unidade",19,{"v":1,"d":"1.0"},{"v":1.16,"d":"1.2"},{"v":2,"d":"2.0"},{"v":22,"d":"22.0"}]
["Olaria","Unidade",4,{"v":1,"d":"1.0"},{"v":1,"d":"1.0"},{"v":1,"d":"1.0"},{"v":4,"d":"4.0"}]
["Pocilga","Unidade",85,{"v":1,"d":"1.0"},{"v":1.11,"d":"1.1"},{"v":4,"d":"4.0"},{"v":94,"d":"94.0"}]
["Poço Semi-Artesiano","Unidade",104,{"v":1,"d":"1.0"},{"v":1.11,"d":"1.1"},{"v":3,"d":"3.0"},{"v":115,"d":"115.0"}]
["Secador de Grãos","Unidade",29,{"v":1,"d":"1.0"},{"v":1.28,"d":"1.3"},{"v":4,"d":"4.0"},{"v":37,"d":"37.0"}]
["Silo para Grãos","t",6,{"v":1,"d":"1.0"},103.5,{"v":600,"d":"600.0"},{"v":621,"d":"621.0"}]
["Silo para Silagem","t",53,{"v":1,"d":"1.0"},224.3,{"v":3500,"d":"3,500.0"},{"v":11888,"d":"11,888.0"}]
["Terreiro","m²",74,{"v":1,"d":"1.0"},{"v":1248.16,"d":"1,248.2"},{"v":18000,"d":"18,000.0"},{"v":92364,"d":"92,364.0"}]
["Usina de Açúcar/destilaria","Unidade",1,{"v":1,"d":"1.0"},{"v":1,"d":"1.0"},{"v":1,"d":"1.0"},{"v":1,"d":"1.0"}]
["Fonte: Secretaria de Agricultura e Abastecimento, CDRS/IEA, Projeto LUPA."]
[]
["TABELA 341.4 - Outras Estatísticas Agrícolas, Município de Mococa, Estado de São Paulo, 2007/08."]
["ITEM","Número de UPAs",null,"Percentual"]
["Faz Parte de Associação de Produtores",118,null,{"v":14.216867469879519,"d":"14.2"}]
["Faz Parte de Cooperativa de Produtores",440,null,{"v":53.01204819277108,"d":"53.0"}]
["Faz Parte do Sindicato de Produtores",295,null,{"v":35.54216867469879,"d":"35.5"}]
["Não utiliza assistência técnica ",394,null,{"v":47.46987951807229,"d":"47.5"}]
["Utiliza somente assistência técnica governamental ",121,null,{"v":14.578313253012048,"d":"14.6"}]
["Utiliza somente assistência técnica privada ",214,null,{"v":25.783132530120483,"d":"25.8"}]
["Utiliza assistência técnica tanto governamental quanto privada",101,null,{"v":12.168674698795181,"d":"12.2"}]
["Utiliza Crédito Rural",157,null,{"v":18.91566265060241,"d":"18.9"}]
["Utiliza Seguro Rural",50,null,{"v":6.024096385542169,"d":"6.0"}]
["Utiliza Escrituração Agrícola",563,null,{"v":67.83132530120481,"d":"67.8"}]
["Acessa Internet p/ Fins na Agropecuária",124,null,{"v":14.93975903614458,"d":"14.9"}]
["Utiliza Computador nas Atividades Agropecuárias",130,null,{"v":15.66265060240964,"d":"15.7"}]
["Utiliza Energia Elétrica Para Uso na Atividade Agrícola",764,null,{"v":92.04819277108433,"d":"92.0"}]
["Realiza Análise de Solo, quando necessário",538,null,{"v":64.81927710843374,"d":"64.8"}]
["Utiliza Práticas de Conservação de Solo, quando necessário",620,null,{"v":74.6987951807229,"d":"74.7"}]
["Faz Adubação Mineral, quando necessário",537,null,{"v":64.6987951807229,"d":"64.7"}]
["Faz Adubação Orgânica, quando necessário",426,null,{"v":51.32530120481927,"d":"51.3"}]
["Faz Adubação Verde, quando necessário",264,null,{"v":31.80722891566265,"d":"31.8"}]
["Utiliza Manejo Integrado de Pragas (MIP)",50,null,{"v":6.024096385542169,"d":"6.0"}]
["Utiliza Hidroponia",1,null,{"v":0.12048192771084337,"d":"0.1"}]
["Utiliza Plasticultura",2,null,{"v":0.24096385542168675,"d":"0.2"}]
["Utiliza Mudas Fiscalizadas",236,null,{"v":28.433734939759038,"d":"28.4"}]
["Utiliza Semente Melhorada",282,null,{"v":33.97590361445783,"d":"34.0"}]
["Faz Confinamento de Bovinos",13,null,{"v":1.566265060240964,"d":"1.6"}]
["Utiliza Pastejo Intensivo",80,null,{"v":9.638554216867469,"d":"9.6"}]
["Faz Inseminação Artificial",33,null,{"v":3.9759036144578315,"d":"4.0"}]
["Faz Mineralização do Rebanho",474,null,{"v":57.10843373493976,"d":"57.1"}]
["Faz Vermifugação do Rebanho",480,null,{"v":57.83132530120482,"d":"57.8"}]
["Possui Parceiros /Arrendatários na Exploração Animal",70,null,{"v":8.433734939759036,"d":"8.4"}]
["Esporte e lazer",5,null,{"v":0.6024096385542169,"d":"0.6"}]
["Extração mineral",2,null,{"v":0.24096385542168675,"d":"0.2"}]
["Hotel Fazenda, Pousada ou SPA",1,null,{"v":0.12048192771084337,"d":"0.1"}]
["Pesque-pague","-",null,"-"]
["Restaurante ou Lanchonete","-",null,"-"]
["Transformação artesanal","-",null,"-"]
["Turismo rural ou ecoturismo",1,null,{"v":0.12048192771084337,"d":"0.1"}]
["Outras atividades econômicas rurais",1,null,{"v":0.12048192771084337,"d":"0.1"}]
["Agroindústria","-",null,"-"]
["Proprietário sem instrução ou com instrução incompleta",3,null,{"v":0.3614457831325302,"d":"0.4"}]
["Proprietário com antigo primário completo",158,null,{"v":19.03614457831325,"d":"19.0"}]
["Proprietário com 1° grau (ou antigo ginasial) completo",203,null,{"v":24.457831325301203,"d":"24.5"}]
["Proprietário com 2° grau (ou antigo colegial) completo",148,null,{"v":17.831325301204817,"d":"17.8"}]
["Proprietário com curso superior completo ",294,null,{"v":35.42168674698795,"d":"35.4"}]
["Pessoa Jurídica",24,null,{"v":2.8915662650602414,"d":"2.9"}]
["Proprietário residente na própria UPA ",161,null,{"v":19.397590361445783,"d":"19.4"}]
["Fonte: Secretaria de Agricultura e Abastecimento, CDRS/IEA, Projeto LUPA."]
[]
["TABELA 341.5 - Área Cultivada, Município de Mococa, Estado de São Paulo, 2007/08."]
["CULTURA","N.DE UPAs","MÍNIMO","MÉDIO","MÁXIMO","TOTAL"]
["Braquiaria",617,0.5,{"v":34.84,"d":"34.8"},{"v":1341.1,"d":"1,341.1"},{"v":21494.2,"d":"21,494.2"}]
["Cana-de-acucar",235,0.3,{"v":85,"d":"85.0"},{"v":850,"d":"850.0"},{"v":19975.9,"d":"19,975.9"}]
["Laranja",68,0.5,{"v":99.46,"d":"99.5"},{"v":571,"d":"571.0"},{"v":6763.3,"d":"6,763.3"}]
["Milho",240,0.5,{"v":27.11,"d":"27.1"},{"v":460,"d":"460.0"},{"v":6506.4,"d":"6,506.4"}]
["Cafe",66,0.5,{"v":48.11,"d":"48.1"},{"v":250,"d":"250.0"},{"v":3175.5,"d":"3,175.5"}]
["Outras gramineas para pastagem",35,0.5,{"v":24.31,"d":"24.3"},{"v":292,"d":"292.0"},850.7]
["Eucalipto",49,0.5,{"v":16.14,"d":"16.1"},163.7,790.9]
["Coloniao",6,1.2,120.7,{"v":400,"d":"400.0"},724.2]
["Feijao",7,7.2,{"v":66.36,"d":"66.4"},{"v":130,"d":"130.0"},464.5]
["Cebola",41,{"v":2,"d":"2.0"},{"v":9.45,"d":"9.5"},{"v":30,"d":"30.0"},387.3]
["Batata-inglesa (ou batata, ou batatinha)",6,{"v":2,"d":"2.0"},56.5,{"v":140,"d":"140.0"},{"v":339,"d":"339.0"}]
["Capim-napier (ou capim-elefante)",85,0.2,2.8,{"v":16,"d":"16.0"},237.8]
["Beterraba",16,2.2,12.3,{"v":80,"d":"80.0"},196.8]
["Soja",2,{"v":25,"d":"25.0"},72.5,{"v":120,"d":"120.0"},{"v":145,"d":"145.0"}]
["Gramas",6,{"v":3,"d":"3.0"},{"v":21.52,"d":"21.5"},{"v":100,"d":"100.0"},129.1]
["Milho-silagem",8,{"v":2,"d":"2.0"},{"v":11.43,"d":"11.4"},{"v":30,"d":"30.0"},91.4]
["Cenoura",11,{"v":2,"d":"2.0"},{"v":6.96,"d":"7.0"},{"v":15,"d":"15.0"},76.6]
["Seringueira",2,{"v":6,"d":"6.0"},{"v":38,"d":"38.0"},{"v":70,"d":"70.0"},{"v":76,"d":"76.0"}]
["Teca",2,{"v":30,"d":"30.0"},30.5,{"v":31,"d":"31.0"},{"v":61,"d":"61.0"}]
["Pessego",1,50.7,50.7,50.7,50.7]
["Limao",2,{"v":2,"d":"2.0"},{"v":14,"d":"14.0"},{"v":26,"d":"26.0"},{"v":28,"d":"28.0"}]
["Tomate envarado",1,{"v":25,"d":"25.0"},{"v":25,"d":"25.0"},{"v":25,"d":"25.0"},{"v":25,"d":"25.0"}]
["Tangerina",4,1.2,{"v":6.05,"d":"6.1"},{"v":13,"d":"13.0"},24.2]
["Outras frutiferas",2,{"v":3,"d":"3.0"},10.5,{"v":18,"d":"18.0"},{"v":21,"d":"21.0"}]
["Sorgo",2,7.5,{"v":8.55,"d":"8.6"},9.6,17.1]
["Quiabo",2,4.8,{"v":8.45,"d":"8.5"},12.1,16.9]
["Outras olericolas",2,{"v":3,"d":"3.0"},{"v":7,"d":"7.0"},{"v":11,"d":"11.0"},{"v":14,"d":"14.0"}]
["Tangor",2,{"v":3,"d":"3.0"},{"v":5,"d":"5.0"},{"v":7,"d":"7.0"},{"v":10,"d":"10.0"}]
["Outras florestais",1,{"v":10,"d":"10.0"},{"v":10,"d":"10.0"},{"v":10,"d":"10.0"},{"v":10,"d":"10.0"}]
["Alface",4,0.7,{"v":1.73,"d":"1.7"},4.2,6.9]
["Coco-da-baia",2,2.5,{"v":3.35,"d":"3.4"},4.2,6.7]
["Capim-jaragua",1,6.1,6.1,6.1,6.1]
["Milho Safrinha",1,{"v":6,"d":"6.0"},{"v":6,"d":"6.0"},{"v":6,"d":"6.0"},{"v":6,"d":"6.0"}]
["Maracuja",2,{"v":3,"d":"3.0"},{"v":3,"d":"3.0"},{"v":3,"d":"3.0"},{"v":6,"d":"6.0"}]
["Pupunha",1,{"v":6,"d":"6.0"},{"v":6,"d":"6.0"},{"v":6,"d":"6.0"},{"v":6,"d":"6.0"}]
["Horta domestica",2,{"v":1,"d":"1.0"},2.9,4.8,5.8]
["Jabuticaba",4,0.1,{"v":1.43,"d":"1.4"},2.4,5.7]
["Pinus",1,{"v":5,"d":"5.0"},{"v":5,"d":"5.0"},{"v":5,"d":"5.0"},{"v":5,"d":"5.0"}]
["Milho-doce",1,3.6,3.6,3.6,3.6]
["Pomar domestico",4,0.5,{"v":0.88,"d":"0.9"},{"v":1,"d":"1.0"},3.5]
["Abobora (ou jerimum)",1,{"v":3,"d":"3.0"},{"v":3,"d":"3.0"},{"v":3,"d":"3.0"},{"v":3,"d":"3.0"}]
["Banana",1,{"v":3,"d":"3.0"},{"v":3,"d":"3.0"},{"v":3,"d":"3.0"},{"v":3,"d":"3.0"}]
["Lima",1,2.5,2.5,2.5,2.5]
["Cacau",1,{"v":2,"d":"2.0"},{"v":2,"d":"2.0"},{"v":2,"d":"2.0"},{"v":2,"d":"2.0"}]
["Pepino",1,0.4,0.4,0.4,0.4]
["Chicoria (ou chicoria-de-folha-crespa)",1,0.3,0.3,0.3,0.3]
["Fonte: Secretaria de Agricultura e Abastecimento, CDRS/IEA, Projeto LUPA."]